Villes Americaines - Mort Subite - Statistiques

Statistiques générales
  • Ce quiz a été pris 90 fois
    86 depuis la dernière actualisation
  • Le résultat moyen est 7 sur 19
Answers on the Grid
Answers color-coded by a green-red scale on the quiz's grid according to % correct below.
Corpus Cristi
Tijuana
Détroit
Albuquerque
Mississauga
Syracuse
Torquay
Macon
Nashville
Houlgate
Odessa
Eau Claire
Nara
Roma
Sunshine Coast
Punta Cana
Omaha
Buffalo
Saint Augustine
Lake tekapo
Norman
Kaunas
Wichita
Kailua-Kona
Byron Bay
Juneau
Saint Cloud
Havre
Beaufort West
Salem
 
Statistiques - réponses
Réponse % Correct
Michigan, USA Détroit
96%
Tennessee, USA Nashville
84%
Nouveau Mexique, USA Albuquerque
73%
New York, USA Buffalo
68%
Massachussets USA Salem
54%
Nebraska USA Omaha
53%
New York, USA Syracuse
42%
Alaska, USA Juneau
39%
Kansas, USA Wichita
30%
Texas, USA Corpus Cristi
23%
Floride, USA Saint Augustine
19%
Texas, USA Odessa
16%
Montana, USA Havre
15%
Wisconsin, USA Eau Claire
14%
Géorgie, USA Macon
12%
Texas, USA Roma
9%
Minnesota USA Saint Cloud
8%
Oklahoma USA Norman
7%
Hawaii, USA Kailua-Kona
4%
Aucun quiz correspondant
Distribution des résultats
% des personnes avec chaque résultat
Percentile par nombre de réponses
Votre historique - résultats
Vous n’avez pas pris ce quiz depuis la dernière actualisation